Statistics for RWBY- This Will Be The Day Lyrics

Click here to take the quiz!

General Stats

  • This quiz has been taken 422 times
  • The average score is 179 of 263

Answer Stats

Answer% Correct
the
98%
The
98%
will
97%
a
95%
A
95%
This
93%
be
93%
for.
92%
for
92%
We
91%
we
91%
day
91%
Day
91%
You
90%
you
90%
I
84%
Your
82%
And
82%
your
82%
They
82%
and
82%
they
82%
door.
79%
see
79%
open
79%
child.
78%
small
77%
up
77%
just
76%
as
76%
helpless.
75%
to
75%
that
75%
waited
74%
are
74%
warrior
73%
wild.
72%
when
72%
great
71%
is
71%
run
70%
soon
70%
out
69%
find
69%
light
67%
Prepare
67%
In
67%
in
67%
hour.
66%
of
64%
moment.
64%
greatest
63%
revolution.
62%
time...
61%
Surprise
61%
finest
61%
hear
61%
we've
60%
world
60%
dream
59%
evolution.
58%
flower.
57%
lightning...
56%
lightning.
56%
bloody
56%
victory
56%
Hope
55%
ready
55%
want
54%
thunder.
52%
don't
52%
about
52%
soul
51%
soul.
51%
story
51%
always
50%
suddenly
50%
from
50%
you've
49%
dreamed
49%
simple
49%
Welcome
49%
absolution.
49%
wonder.
49%
heart
48%
you're
48%
told.
47%
Straying
46%
Miracles
45%
ancient
45%
new
44%
defender.
43%
minds.
42%
needs
39%
solutions.
39%
way
38%
life
37%
harm.
37%
dark
34%
Beware
34%
fairytale
33%
romantic
33%
fading.
32%
full
32%
charm.
32%
world's
30%
that's
28%
returns.
28%
burn.
25%
scatter.
25%
even
24%
Legends
24%
unforgiving,
24%
night
24%
brilliant
23%
lights
23%
cease
21%
forever.
19%
peace
18%
opened
18%
lost
17%
sever.
15%

Score Distribution

Percentile by Number Answered

Percent of People with Each Score

Your Score History

You have not taken this quiz